000 00642nam a2200193 a 4500
001 000031130
005 20200930062726.0
008 110613s2005 dr c 000 | spa d
040 _aDO-SdBNP
_bspa
_cBNPHU
082 _axxx
_bA728j
100 1 _aArmenteros Rius, Enrique
_955978
245 1 0 _aLa juventud a la problemática forestal dominicana /
_cEnrique Armenteros Rius.
260 _aSanto Domingo :
_bAmigo del Hogar,
_c2005.
300 _a28 p. :
_bretrs. ;
_c23 cm.
490 1 _aPROGRESSIO
_v16
710 2 _aFundación para el Mejoramiento Humano ( República Dominicana)
_921776
830 0 _aPROGRESSIO
_n16
_957605
049 _aBNPD
999 _c30622
_d30622